Unknown Christmas Song Lyrics I Quiz Stats

Quiz not verified by Sporcle

Challenge
Share
Tweet
Embed
Score 0/54 Timer 05:00
0 Plays Today
Lyrics % Correct
a
98.5%
the
98.5%
the
98.5%
and
98.5%
the
98.5%
a
98.5%
and
98.5%
And
98.5%
I
93.7%
I
93.7%
Christmas
86.6%
Christmas
86.6%
Christmas
86.6%
to
80.6%
To
80.6%
be
78.8%
be
78.8%
of
76.4%
of
76.4%
in
76.1%
merry
75.5%
white
74.9%
white
74.9%
white.
74.9%
snow
74.3%
I'm
73.7%
I'm
73.7%
Lyrics % Correct
your
73.7%
all
73.7%
your
73.7%
know
72.8%
dreaming
72.5%
like
72.5%
dreaming
72.5%
Just
71.3%
used
71%
bells
70.7%
ones
70.1%
May
69%
bright
69%
may
69%
children
68.4%
Where
68.1%
sleigh
67.5%
glisten
67.2%
listen
67.2%
Christmases
66.9%
hear
64.8%
days
64.2%
treetops
63.3%
With
60.6%
every
60.6%
card
57.9%
write
57.3%

You're not logged in!

Compare scores with friends on all Sporcle quizzes.
Sign Up with Email
OR
Log In

You Might Also Like...

Show Comments

Extras

Top Quizzes Today


Score Distribution

Your Account Isn't Verified!

In order to create a playlist on Sporcle, you need to verify the email address you used during registration. Go to your Sporcle Settings to finish the process.